000 00888cam a2200229 4500
001 WB3941-18
008 031030n2003 000 0 eng u
035 _a(Sirsi) u124188
245 _aFarmers keep out!
260 _c2003
490 _aRICS Press Release
_v(pr102) 31 October 2003 (3)
520 _aBritain's farmers are holding back from buying or selling land on the rural market due to uncertainty over the final outcome of the CAP reforms, according to the latest "RICS rural land market survey for Great Britain" for the third quarter, July to September 2003.
590 _aWB
650 _aRICS RURAL LAND MARKET SURVEY GREAT BRITAIN
650 _aFARMERS
650 _aCAP REFORM
650 _aRURAL LAND
650 _aPROPERTY-RURAL AND NATURAL ASSETS-AGRICULTURAL PROPERTY-AGRICULTURAL LAND
650 _aRURAL PROPERTY
690 _aRURAL-MARKET
942 _n0
999 _c73720
_d73720